| 000 | 00719nam a2200253 a 4500 | ||
|---|---|---|---|
| 005 | 20140311161032.0 | ||
| 008 | 090715s19uu xx 00 eng d | ||
| 020 | _a9781847874931 | ||
| 050 |
_aHF 5549.5.E45 _bIn56 2009 |
||
| 100 | _aBudhwar, Pawan edited by. | ||
| 245 |
_aInternational human resource management : _bthe MNE perspective. / |
||
| 260 |
_aLos Angeles : _bSage, _c2009. |
||
| 300 |
_a393 p. : _bill. ; _c25 cm. |
||
| 521 | _aBSBA | ||
| 650 | _aBSBA. | ||
| 650 |
_aInternational business enterprises _xPersonnel management. |
||
| 700 | _aRandall, Schuler | ||
| 700 | _aSparrow, Paul | ||
| 942 |
_cBK _2lcc _kFOR |
||
| 999 |
_c23504 _d23504 |
||